|
|
|
|
| LEADER |
00000nam a2200000 a 4500 |
| 001 |
vtls008984370 |
| 003 |
SK-MaSNL |
| 005 |
20260301210236.0 |
| 008 |
251031s2007 xo g 000 0 slo |
| 015 |
|
|
|a SNBA2007/07-03075
|
| 020 |
|
|
|a 9788096963744
|q (brož.)
|
| 035 |
|
|
|a 17EB10B3-5805-40A0-B8CF-E7680F70DC6B
|
| 035 |
|
|
|a urn:nbn:sk:snk-amk7c7
|
| 035 |
|
|
|a urn:nbn:sk:snk-am008izh
|
| 040 |
|
|
|a SNK
|b slo
|c SNK
|e AACR2
|
| 041 |
1 |
|
|a slo
|h eng
|
| 044 |
|
|
|a xo
|c SK
|
| 072 |
|
7 |
|a 613
|x Hygiena. Ľudské zdravie
|2 konspekt
|
| 080 |
|
|
|a 613.81
|2 2001
|
| 080 |
|
|
|a 316.346.32-053.9
|2 2001
|
| 080 |
|
|
|a (041)
|2 2001
|
| 080 |
|
|
|a 364.692:[663.51:615.015.6]
|2 2001
|
| 100 |
1 |
|
|a Osgood, Nancy
|4 aut
|9 593488
|
| 240 |
1 |
0 |
|a Alcoholism and the older adult. Messages of concern
|l Slovensky
|
| 245 |
1 |
0 |
|a Alkoholizmus u starších ľudí
|b prejavy záujmu
|c [Nancy Osgood a kolektív ; preklad: Jana Jurčová]
|
| 250 |
|
|
|a 1. vyd.
|
| 260 |
|
|
|a Poprad
|b Život bez závislosti
|c 2007
|
| 300 |
|
|
|a [17] s.
|b sch.
|c 25 cm
|
| 500 |
|
|
|a Názov z obalu
|
| 650 |
0 |
7 |
|a alkoholizmus
|2 SNKPH
|9 14184
|
| 650 |
0 |
7 |
|a seniori
|2 SNKPH
|9 117453
|
| 655 |
|
7 |
|a brožúry
|2 SNKPH
|9 70146
|
| 700 |
1 |
|
|a Jurčová, Jana
|4 trl
|9 535865
|
| 919 |
|
|
|a 978-80-969637-4-4
|
| 958 |
|
|
|a OP
|
| 968 |
|
|
|b ENG
|d 61
|
| 999 |
|
|
|c 912971
|d 914901
|
| 952 |
|
|
|a SNK
|b SNK
|y PREZ
|7 0
|p 17A0550880
|o snkSC 127674
|i snk2007/11217
|8 0
|0 0
|1 0
|4 0
|d 2007-04-26
|f 1
|l 0
|r 2025-06-16 00:00:00
|w 2026-02-24
|
| 952 |
|
|
|a SNK
|b SNK
|y VYP
|7 0
|p 17A0558606
|o snkSC 127674 D1
|i snk2007/17410
|8 0
|0 0
|1 0
|4 0
|d 2007-07-16
|l 0
|r 2026-02-24 07:49:32
|w 2026-02-24
|